000 00608nam a22002057a 4500
999 _c17114
_d17114
008 180808b xxu||||| |||| 00| 0 eng d
020 _a0415335612
040 _aKABU
_cKABU
050 _aG156.5
_b.A1H35 2006 c. 1
100 _aHall, C. Michael
245 _aThe geography of tourism and recreation
_benvironment, place and space
_cC. Michael Hall and Stephen J. Page
250 _a3rd ed.
260 _aLondon
_bRoutledge
_c2006
300 _axxi, 427 p.
650 _aTourism
650 _arecreation
650 _aRecreation areas
700 _aPage, Stephen J.
942 _2lcc
_cBK
_hG156.5